|
|
|
|
| LEADER |
00000nab a2200000 a 4500 |
| 001 |
vtls008872715 |
| 003 |
SK-MaSNL |
| 005 |
20260304213419.0 |
| 008 |
061103 20061102xo dr er 000 0 slo |
| 038 |
|
|
|a KEVKJB
|
| 040 |
|
|
|a KEVKJB
|b slo
|c KEVKJB
|e AACR2
|
| 041 |
0 |
|
|a slo
|
| 044 |
|
|
|a xo
|c SK
|
| 080 |
|
|
|a 697.34
|2 2001
|
| 080 |
|
|
|a 621.1
|2 2001
|
| 100 |
1 |
|
|a Kizek, Marián
|4 aut
|9 877271
|
| 245 |
1 |
0 |
|a V Teplárni kvôli uhliu padali hlavy !
|b porúčať sa musel aj generálny riaditeľ Ján Ferenci a šéfovia niektorých úsekov
|c Marán Kizek
|
| 300 |
|
|
|b Obr.
|
| 610 |
2 |
7 |
|a Tepláreň TEKO (Košice, Slovensko)
|2 kevkjb
|9 1019984
|
| 650 |
0 |
7 |
|a teplárne
|2 kevkjb
|9 31590
|
| 651 |
|
7 |
|a Košice (Slovensko)
|2 kevkjb
|9 18694
|
| 773 |
0 |
|
|t Košický denník Korzár
|g Roč. IX, č. 252 (2.11.2006), s. 3
|x 1335-4566
|
| 852 |
|
|
|a KEVKJB
|b KIS3GCP
|
| 999 |
|
|
|c 3135839
|d 3137769
|